1125 1569 1114 1325 1151 1625 1304 1167 1075 1297 1504 1389 1262 1948 1048 1866 1123 1918 1875 1244 1092 1197 1805 1108 1053 1605 1792 1616 1503 1536 1031 1726 1836 1393 1887 1737 1507 1375 1299 1192 1889 1912 1791 1734 1091 1846 1672 1278 1215 1217 1309 1081 1889 1127 1940 1542 1117 1509 1981 1202 1513 1195 1620 1692 1145 1938 1864 1271 1475 1942 1719 1244 1937 1745 1997 1989 1995 1695 1657 1451 1295 1257 1407 1912 1928 1298 1336 1484 1296 1188 1175 1803 1359 1785 1884 1819 1625 1338 1605 BCNSPRNW ULIB Ver.6.0+V

เปลี่ยนเป็นภาษาไทย

Change to English
 แสดงรายละเอียดบรรณานุกรม
  กลับหน้าหลัก

Brief Record : Get Marc (ISO 2709) : E-mail record : QR code < ปิดหน้าต่าง
LEADER : 00000nam 2200000uu 4500
001    13399110591
003     ULIB
008    110603s2550||||th 000 0 tha d
020    9789749457795
050  4 BF723.C5^bด915ส 2550
100 1  เดอ โบโน, เอ็ดเวิร์ด,^dค.ศ. 1933-
245 10 สอนเด็กให้คิดเป็น =^bTeach your child how to think /^cโดยEdward de Bono ; แปลและเรียบเรียงโดย อรอุมา ราชคฤค์
246 31 Teach your child how to think
250    พิมพ์ครั้งที่ 2
260    กรุงเทพฯ :^bเอ็กซเปอร์เน็ท,^c2550
300    458 หน้า :^bภาพประกอบ ;^c21 ซม.
650  7 การรู้คิดในเด็ก
650  7 ความคิดและการคิด
650  7 ทักษะทางการคิด
700 0  อรอุมา ราชคฤค์,^eผู้แปล
700 12 De Bono, Edward.,^d1933- .^tTeach your child how to think
945    ^p350^l0^i18222
995    เกษร
999    ^aใช้งานได้ทุกระบบ
รายการนี้ยังไม่มีแท็ก
คุณยังไม่ได้ล็อกอิน คุณสามารถมีกิจกรรมร่วมกับเว็บไซต์ได้ แต่ต้องล็อกอินก่อน ::
  ล็อกอิน

รายการสื่อสารสนเทศ

ลำดับที่ ประเภท เลขเรียก/บาร์โค้ด สถานที่ สถานะ
- ไม่พบข้อมูล -

รายการใกล้เคียง
    หัวเรื่อง [การรู้คิดในเด็ก]
    หัวเรื่อง [ความคิดและการคิด]
    หัวเรื่อง [ทักษะทางการคิด]

BibComment


ยังไม่เคยถูกคอมเมนท์

คอมเมนท์ทรัพยากรรายการนี้
  คอมเมนท์: สอนเด็กให้คิดเป็น..


 Copyright 2026. Bcnsprnw @Library